书目信息 |
| 题名: |
新结构经济学
|
|
| 作者: | 林毅夫 著 ;苏剑 译 | |
| 分册: | ||
| 出版信息: | 北京 北京大学出版社 2012 |
|
| 页数: | 326页 | |
| 开本: | 24cm | |
| 丛书名: | ||
| 单 册: | ||
| 中图分类: | F014.6 | |
| 科图分类: | ||
| 主题词: | 结构经济学--研究 , 结构经济学 | |
| 电子资源: | ||
| ISBN: | 978-7-301-21411-4 | |
| 000 | 01342nam0 2200289 450 | |
| 001 | 523 | |
| 005 | 20140908143721.35 | |
| 010 | @a978-7-301-21411-4@b精装@dCNY68.00 | |
| 100 | @a20130116d2012 em y0chiy50 ea | |
| 101 | 1 | @achi@ceng |
| 102 | @aCN@b110000 | |
| 105 | @ac z 000yy | |
| 106 | @ar | |
| 200 | 1 | @a新结构经济学@AXin Jie Gou Jing Ji Xue@e反思经济发展与政策的理论框架@EFan Si Jing Ji Fa Zhan Yu Zheng Ce De Li Lun Kuang Jia@dNew structural economics@eA framework for rethinking development and policy@f林毅夫著@FLin Yi Fu Zhu@g苏剑译@zeng |
| 210 | @a北京@c北京大学出版社@d2012 | |
| 215 | @a326页@c肖像@d24cm | |
| 300 | @a本书列入“十二五”国家重点图书出版规划 | |
| 330 | @a本书阐述了作者在2008年至2011年任世界银行首席经济学家和高级副行长期间的研究项目“新结构经济学”的主要发现。内容包括:新结构经济学:反思发展问题的一个理论框架;增长报告和新结构经济学、增长甄别与固势利导等。 | |
| 510 | 1 | @aNew structural economics@eA framework for rethinking development and policy@zeng |
| 517 | 1 | @a反思经济发展与政策的理论框架@AFan Si Jing Ji Fa Zhan Yu Zheng Ce De Li Lun Kuang Jia |
| 606 | 0 | @a结构经济学@x研究 |
| 606 | 0 | @a结构经济学 |
| 690 | @aF014.6@v5 | |
| 701 | 0 | @a林毅夫@ALin Yi Fu@f(1952.10~)@4著 |
| 702 | 0 | @a苏剑@ASu Jian@c(经济学)@4译 |
| 801 | 0 | @aCN@bTANGWEI@c20140603 |
| 905 | @b0841427-29@dF014.6@e449@f3 | |
| 新结构经济学:反思经济发展与政策的理论框架=New structural economics:A framework for rethinking development and policy/林毅夫著/苏剑译.-北京:北京大学出版社,2012 |
| 326页:肖像;24cm |
| 本书列入“十二五”国家重点图书出版规划 |
| ISBN 978-7-301-21411-4(精装):CNY68.00 |
| 本书阐述了作者在2008年至2011年任世界银行首席经济学家和高级副行长期间的研究项目“新结构经济学”的主要发现。内容包括:新结构经济学:反思发展问题的一个理论框架;增长报告和新结构经济学、增长甄别与固势利导等。 |
| ● |
| 相关链接 |
|
|
|
|
正题名:新结构经济学
索取号:F014.6/449
 
预约/预借
| 序号 | 登录号 | 条形码 | 馆藏地/架位号 | 状态 | 备注 |
| 1 | 0841427 | 208414278 | 第一样本阅览室/ [索取号:F014.6/449] | 在馆 | |
| 2 | 0841428 | 208414287 | 第一借阅区/ [索取号:F014.6/449] | 在馆 | |
| 3 | 0841429 | 208414296 | 密集书库-海洋学院/ [索取号:F014.6/449] | 在馆 |